Statistics for Mario

Click here to take the quiz!

General Stats

  • This quiz has been taken 19 times
    (17 since last reset)
  • The average score is 6 of 9

Answer Stats

Answer% Correct
Bowser
100%
Luigi
100%
Mario
100%
Wario
100%
Yoshi
100%
Goomba
88%
Race
25%
Mario in chocolate milk
13%
mario in Tube
13%

Score Distribution

Percentile by Number Answered

Percent of People with Each Score

Your Score History

You have not taken this quiz since the last reset